| 000 | 00358nam a22001217a 4500 | ||
|---|---|---|---|
| 082 |
_a346.5491015 _bDEO |
||
| 100 | _aDeoka, Mian Sadi Abbas | ||
| 245 |
_aThe Family Trial & Procedure: _bfamily trial step by step / _cMian Sadi Abbas Deoka |
||
| 260 |
_aLahore: _bPopular Law Book Hosue, _c2019. |
||
| 300 | _a360 p. | ||
| 563 | _aHB. | ||
| 942 |
_2ddc _cBK |
||
| 999 |
_c614073 _d614073 |
||